000 00212nam a2200121Ia 4500
100 _a#N/A
650 _aComputers
942 _cBK
654 _aubuntu
245 _aubuntu
260 _b#N/A
546 _aENGLISH
999 _c22738
_d22738